Building tops bribes league (Record no. 70319)

MARC details
000 -LEADER
fixed length control field 01055cam a2200229 4500
001 - CONTROL NUMBER
control field WB3819-03
008 - FIXED-LENGTH DATA ELEMENTS--GENERAL INFORMATION
fixed length control field 020521n2002 000 0 eng u
035 ## - SYSTEM CONTROL NUMBER
System control number (Sirsi) u118080
245 ## - TITLE STATEMENT
Title Building tops bribes league
260 ## - PUBLICATION, DISTRIBUTION, ETC.
Date of publication, distribution, etc. 2002
490 ## - SERIES STATEMENT
Series statement Transparency International Press Release
Volume/sequential designation 14 May 2002, (6)
520 ## - SUMMARY, ETC.
Summary, etc. Transparency International's "Bribe Payers Index 2002" reveals that construction is the most corrupt industry in the world scoring just 1.3 out of 10. The survey by the global anti-corruption organisation gives 17 industries and 21 exporting countries marks out of 10 for levels of corruption, with 10 being the least corrupt. Property scored 3.5 and the UK as a whole scored 6.9. http://www.transparency.org/pressreleases_archive/2002/2002.05.14.bpi.en.html
590 ## - LOCAL NOTE (RLIN)
Local note WB
650 ## - SUBJECT ADDED ENTRY--TOPICAL TERM
Topical term or geographic name entry element TRANSPARENCY INTERNATIONAL
650 ## - SUBJECT ADDED ENTRY--TOPICAL TERM
Topical term or geographic name entry element BRIBERY
650 ## - SUBJECT ADDED ENTRY--TOPICAL TERM
Topical term or geographic name entry element INTERNATIONAL MARKETS
650 ## - SUBJECT ADDED ENTRY--TOPICAL TERM
Topical term or geographic name entry element CONSTRUCTION INDUSTRY
650 ## - SUBJECT ADDED ENTRY--TOPICAL TERM
Topical term or geographic name entry element CORRUPTION
650 ## - SUBJECT ADDED ENTRY--TOPICAL TERM
Topical term or geographic name entry element PROPERTY INDUSTRY
690 ## - LOCAL SUBJECT ADDED ENTRY--TOPICAL TERM (OCLC, RLIN)
Topical term or geographic name as entry element BUILT ENVIRONMENT
942 ## - ADDED ENTRY ELEMENTS (KOHA)
Suppress in OPAC 0
Holdings
Withdrawn status Lost status Source of classification or shelving scheme Damaged status Not for loan Home library Current library Shelving location Date acquired Total Checkouts Full call number Barcode Date last seen Copy number Price effective from Koha item type
    Dewey Decimal Classification     London London News article 21/05/2002   WB3819-03 118080-1001 06/08/2019 1 06/08/2019 News article